Bad desire (With or Without you) - ENHYPEN English vers - Statistiques

Statistiques générales
  • Ce quiz a été pris 87 fois
  • Le résultat moyen est 179 sur 249
Statistiques - réponses
Chanteur Paroles % Correct
I
94%
Heeseung | Jake | Jay | +3 others With
92%
you
92%
Jungwon You
92%
a
90%
without
90%
or
88%
your
88%
desire
85%
do
83%
Don't
83%
don't
83%
girl
83%
it
83%
bad
81%
in
81%
my
79%
touch
79%
that
77%
told
77%
want
77%
I'm
75%
Jake | Sunghoon Innocent
75%
is
75%
Heeseung | Jay Oh
75%
Heeseung What
75%
all
73%
All
73%
heart
73%
if
73%
monster
73%
see
73%
But
71%
close
71%
it's
71%
It's
71%
pure
71%
an
69%
beautiful
69%
light
69%
closer
67%
come
67%
the
67%
baby
65%
golden
65%
got
65%
me
65%
wanna
65%
Wanna
65%
ya
65%
Yeah
65%
sacrifice
63%
angel
60%
fire
60%
too
60%
and
58%
deeper
58%
Deepest
58%
desires
58%
just
58%
Out
58%
take
58%
Ni-ki Tell
58%
between
56%
brighter
56%
world
56%
you're
56%
dark
54%
getting
52%
here
52%
like
50%
torn
50%
flame
48%
tattoo
48%
for
46%
belong
44%
There's
44%
name
42%
skin
40%
enough
38%
on
38%
pull
38%
permanent
35%
write
33%
forever
29%
up
29%
ain't
25%
say
25%
Aucun quiz correspondant
Distribution des résultats
% des personnes avec chaque résultat
Percentile par nombre de réponses
Votre historique - résultats
Vous n’avez pas pris ce quiz